<?xml version="1.0" encoding="UTF-8"?>
<record
    xmlns:xsi="http://www.w3.org/2001/XMLSchema-instance"
    xsi:schemaLocation="http://www.loc.gov/MARC21/slim http://www.loc.gov/standards/marcxml/schema/MARC21slim.xsd"
    xmlns="http://www.loc.gov/MARC21/slim">

  <leader>01201nam a2200205   4500</leader>
  <controlfield tag="008">180523s2003    mx  |||gr|||| 000 f s   d</controlfield>
  <datafield tag="020" ind1=" " ind2=" ">
    <subfield code="a">9706663916</subfield>
  </datafield>
  <datafield tag="041" ind1=" " ind2=" ">
    <subfield code="a">spa</subfield>
  </datafield>
  <datafield tag="092" ind1=" " ind2=" ">
    <subfield code="c">808</subfield>
    <subfield code="l">56</subfield>
    <subfield code="s">NIE</subfield>
  </datafield>
  <datafield tag="100" ind1="1" ind2=" ">
    <subfield code="a">Nietzsche, Friedrich</subfield>
    <subfield code="9">3310</subfield>
  </datafield>
  <datafield tag="245" ind1=" " ind2="3">
    <subfield code="a">El anticristo.</subfield>
    <subfield code="b">Ecce homo /</subfield>
    <subfield code="c">Friedrich Nietzsche</subfield>
  </datafield>
  <datafield tag="250" ind1=" " ind2=" ">
    <subfield code="a">1a ed.</subfield>
    <subfield code="b">Traducci&#xF3;n Roberto Mares y Luis Rutiaga</subfield>
  </datafield>
  <datafield tag="260" ind1=" " ind2=" ">
    <subfield code="a">M&#xE9;xico:</subfield>
    <subfield code="b">Grupo Editorial Tomo;</subfield>
    <subfield code="c">2003.</subfield>
  </datafield>
  <datafield tag="300" ind1=" " ind2=" ">
    <subfield code="a">207 p.</subfield>
  </datafield>
  <datafield tag="500" ind1=" " ind2=" ">
    <subfield code="a">Nietzsche, F. (2003). El anticristo. Ecce homo. (1a ed.). M&#xE9;xico : Grupo Editorial Tomo.</subfield>
  </datafield>
  <datafield tag="505" ind1=" " ind2=" ">
    <subfield code="a">Friedrich Nietzsche (1844-1900), naci&#xF3; en Rocken y fue hijo de un pastor protestante. Estudi&#xF3; inicialmente en Naumburgo y m&#xE1;s tarde sigui&#xF3; la carrera de Filolog&#xED;a Cl&#xE1;sica en las universidades de Bonn y Liepzig. Durante su juventud mostr&#xF3; inter&#xE9;s por la m&#xFA;sica, pero m&#xE1;s tarde se dedic&#xF3; de lleno a la filosof&#xED;a y a la literatura. La influencia de Friedrich Nietzsche sobre la filosof&#xED;a de los dos siglos pasados ha sido enorme. Su obra ataca las teor&#xED;as tradicionales, tanto filos&#xF3;ficas como morales. </subfield>
  </datafield>
  <datafield tag="590" ind1=" " ind2=" ">
    <subfield code="a">Proyecto 4to libro, donaci&#xF3;n Victoria Lara, mayo 2018.</subfield>
  </datafield>
  <datafield tag="655" ind1=" " ind2=" ">
    <subfield code="a">Literatura</subfield>
    <subfield code="9">2917</subfield>
  </datafield>
  <datafield tag="942" ind1=" " ind2=" ">
    <subfield code="2">ddc</subfield>
    <subfield code="c">LIT</subfield>
  </datafield>
  <datafield tag="999" ind1=" " ind2=" ">
    <subfield code="c">2763</subfield>
    <subfield code="d">2763</subfield>
  </datafield>
  <datafield tag="952" ind1=" " ind2=" ">
    <subfield code="0">0</subfield>
    <subfield code="1">0</subfield>
    <subfield code="2">ddc</subfield>
    <subfield code="4">0</subfield>
    <subfield code="7">0</subfield>
    <subfield code="a">BFM</subfield>
    <subfield code="b">BFM</subfield>
    <subfield code="c">CR</subfield>
    <subfield code="d">2018-05-23</subfield>
    <subfield code="e">Donaci&#xF3;n Victoria Lara, mayo 2018</subfield>
    <subfield code="l">0</subfield>
    <subfield code="o">808 56 NIE</subfield>
    <subfield code="p">4307</subfield>
    <subfield code="r">2018-05-23</subfield>
    <subfield code="t">Ej. 1</subfield>
    <subfield code="w">2018-05-23</subfield>
    <subfield code="y">LIT</subfield>
    <subfield code="z">Proyecto 4to libro. Donaci&#xF3;n Victoria Lara, mayo 2018</subfield>
  </datafield>
</record>
